Suomen kunnat, jotka päättyvät kirjaimeen N - Statistics

Yleistilastot
  • Tätä visaa on pelattu 131 kertaa
  • Keskiarvotulos 12 / 15
Vastaustilastot
Maakunta Kunta % Oikein
-NEN Kanta-Häme Jokioinen
88%
-NEN Pirkanmaa Ikaalinen
84%
-NEN Pohjois-Savo Joroinen
84%
-NEN Uusimaa Kauniainen
84%
-NEN Varsinais-Suomi Parainen
82%
-NEN Pohjanmaa Kaskinen
81%
-NEN Pohjois-Pohjanmaa Oulainen
81%
-NEN Keski-Suomi Uurainen
81%
-NEN Satakunta Huittinen
79%
-NEN Varsinais-Suomi Nousiainen
78%
-NEN Uusimaa Pornainen
76%
-NEN Keski-Pohjanmaa Kaustinen
75%
-NEN Satakunta Siikainen
72%
-NEN Pirkanmaa Kuhmoinen
66%
muu -N Pirkanmaa Punkalaidun
66%
Ehtoja vastaavia visoja ei löytynyt
Tulosjakauma
Jokaisen tuloksen saaneiden osuus
Persentiili vastausten määrän mukaan
Tuloshistoriasi
Et ole pelannut tätä visaa